| 000 | 00561nam a2200205Ia 4500 | ||
|---|---|---|---|
| 005 | 20250326144113.0 | ||
| 008 | 250326s9999 xx 000 0 und d | ||
| 020 | _a978-0-7619-4478-2 | ||
| 037 | _aTextbook | ||
| 040 |
_aFMSL _beng _cFMSL |
||
| 041 |
_aeng _2eng |
||
| 084 |
_aX P07 _qFMSL |
||
| 100 |
_aBlyton Paul _9269483 |
||
| 245 | 0 |
_aKey concepts in work _cBlyton Paul; Jenkins Jean |
|
| 260 |
_aNew Delhi _bNew Delhi, Sage _c2007 |
||
| 300 | _avi,246 | ||
| 365 | _b124536.59855100002 | ||
| 942 |
_cTB _hX P07 |
||
| 999 |
_c1302372 _d1302372 |
||